[Event "Gorodovikovsk Bashanta"]
[Site "Gorodovikovsk"]
[Date "2016.??.??"]
[Round "1"]
[White "Vlasenko, Alexey"]
[Black "Begjanyan, Hrayr"]
[Result "1-0"]
[WhiteElo "2398"]
[BlackElo "2099"]
[PlyCount "73"]
[EventDate "2016.03.15"]
[EventType "tourn"]
[EventRounds "14"]
[EventCountry "RUS"]
[EventCategory "3"]
[SourceTitle "CBM 171 Extra"]
[Source "ChessBase"]
[SourceDate "2016.04.26"]
[SourceVersion "1"]
[SourceVersionDate "2016.04.26"]
[SourceQuality "1"]

1. d4 Nf6 2. c4 g6 3. Nc3 Bg7 4. e4 0-0 5. Be2 d6 6. Nf3 e5 7. 0-0 Nbd7 8. d5 a5 9. Bg5 Nc5 10. Nd2 h6 11. Be3 Bd7 12. a3 c6 13. b3 Ne8 14. b4 Nxe4 15. Ndxe4 f5 16. Nxd6 Nxd6 17. Bc5 Rf6 18. dxc6 Bxc6 19. b5 Be8 20. Nd5 Re6 21. Bb6 Qd7 22. Nc7 Rc8 23. Nxe6 Qxe6 24. c5 Nxb5 25. Rc1 Kh7 26. Bxb5 Bxb5 27. Qd6 Qa2 28. Rfe1 Bc6 29. Bxa5 Qxa3 30. Bc3 Re8 31. Rc2 Qa4 32. Rd2 Qg4 33. f3 Bxf3 34. Bxe5 Bc6 35. Qc7 Rg8 36. Bxg7 Rxg7 37. Re7 1-0

[Event "Rostov Region-ch op"]
[Site "Rostov on Don"]
[Date "2011.10.20"]
[Round "4.8"]
[White "Begjanyan, Hrayr"]
[Black "Duyun, Dmitriy"]
[Result "0-1"]
[WhiteElo "2127"]
[BlackElo "2226"]
[PlyCount "116"]
[EventDate "2011.10.20"]
[EventType "swiss"]
[EventRounds "9"]
[EventCountry "RUS"]
[SourceTitle "EXT 2022"]
[Source "ChessBase"]
[SourceDate "2021.10.06"]
[SourceVersion "1"]
[SourceVersionDate "2021.10.06"]
[SourceQuality "1"]

1. e4 c5 2. Nf3 e6 3. d4 cxd4 4. Nxd4 a6 5. c4 Nf6 6. Nc3 Bb4 7. Bd3 Qc7 8. 0-0 Nc6 9. Nc2 Be7 10. f4 d6 11. Be3 0-0 12. c5 e5 13. Nd5 Qd8 14. cxd6 Qxd6 15. Qe2 Nxd5 16. exd5 exf4 17. Bxf4 Qxd5 18. Be4 Bg4 19. Bxh7+ Kxh7 20. Qxg4 Bf6 21. Kh1 Ne7 22. Ne3 Qb5 23. Bd6 Qg5 24. Qe4+ Qg6 25. Qxb7 Rfe8 26. Bxe7 Bxe7 27. Nd5 Rab8 28. Qd7 Rbd8 29. Qh3+ Kg8 30. Rad1 Bd6 31. Rf5 Qe6 32. Rdf1 Be5 33. Ne3 Bxb2 34. Ng4 Rd5 35. Rxd5 Qxd5 36. Qg3 Kf8 37. Qf4 Kg8 38. Qg3 Qe6 39. a4 Rc8 40. h3 Rd8 41. Re1 Qd6 42. Qe3 Bd4 43. Qe4 Bc3 44. Rf1 a5 45. Ne3 Qe5 46. Qf3 Qe6 47. Nf5 Bb4 48. Qg3 Qg6 49. Qe5 Rc8 50. Rf3 Bf8 51. Rg3 Qh7 52. Qf4 g6 53. Qe5 Qh8 54. Qd5 Qf6 55. Qxa5 Kh7 56. Ne3 Rc1+ 57. Kh2 Bd6 58. Ng4 Qf4 0-1

[Event "Rostov Region-ch op"]
[Site "Rostov on Don"]
[Date "2011.10.20"]
[Round "5.17"]
[White "Rasskazov, Viktor"]
[Black "Begjanyan, Hrayr"]
[Result "1/2-1/2"]
[WhiteElo "2002"]
[BlackElo "2127"]
[PlyCount "78"]
[EventDate "2011.10.20"]
[EventType "swiss"]
[EventRounds "9"]
[EventCountry "RUS"]
[SourceTitle "EXT 2022"]
[Source "ChessBase"]
[SourceDate "2021.10.06"]
[SourceVersion "1"]
[SourceVersionDate "2021.10.06"]
[SourceQuality "1"]

1. d4 Nf6 2. c4 g6 3. Nc3 Bg7 4. e4 0-0 5. Be2 d6 6. Nf3 Nbd7 7. Bg5 h6 8. Bh4 e5 9. d5 a5 10. Nd2 g5 11. Bg3 Nc5 12. b3 Nfxe4 13. Ndxe4 Nxe4 14. Nxe4 f5 15. Bd3 fxe4 16. Bxe4 Bf5 17. Qd3 Qd7 18. 0-0 Rf7 19. Rfe1 Raf8 20. Rac1 b6 21. Bxf5 Rxf5 22. Re4 h5 23. f3 Bh6 24. Rc3 Qg7 25. h3 Qe7 26. Qe2 Bg7 27. a3 Qd7 28. Qc2 Ra8 29. Rd3 Kh8 30. Rd1 Bh6 31. b4 axb4 32. axb4 Rff8 33. c5 bxc5 34. bxc5 Ra5 35. Rc4 Qf5 36. cxd6 cxd6 37. Qxf5 Rxf5 38. Rc6 Bf8 39. Bf2 g4 1/2-1/2

[Event "Komsomolsky Rating op"]
[Site "Komsomolsky"]
[Date "2011.10.02"]
[Round "6"]
[White "Begjanyan, Hrayr"]
[Black "Svechnikov, Leonid"]
[Result "1-0"]
[WhiteElo "2127"]
[BlackElo "2350"]
[PlyCount "57"]
[EventDate "2011.09.30"]
[EventType "swiss"]
[EventRounds "7"]
[EventCountry "RUS"]
[SourceTitle "EXT 2023"]
[Source "ChessBase"]
[SourceDate "2022.10.05"]
[SourceVersion "1"]
[SourceVersionDate "2022.10.05"]
[SourceQuality "1"]

1. e4 d5 2. exd5 Qxd5 3. Nc3 Qa5 4. d4 e5 5. dxe5 Nc6 6. Bb5 Bd7 7. e6 Bxe6 8. Bd2 0-0-0 9. Bxc6 bxc6 10. Nf3 Bb4 11. Qe2 Ne7 12. 0-0 Nd5 13. Nd4 Bd7 14. Qc4 Qc5 15. Qa6+ Kb8 16. a3 Qxd4 17. axb4 Rhe8 18. Nxd5 cxd5 19. Be3 Rxe3 20. fxe3 Qxe3+ 21. Kh1 Be6 22. Qb5+ Qb6 23. Qd3 g6 24. c3 Bf5 25. Qe2 Qe6 26. Qf2 Qb6 27. Qd2 a6 28. Ra5 c6 29. Qe2 1-0

[Event "Troitskoje op"]
[Site "Troitskoje"]
[Date "2010.09.??"]
[Round "6"]
[White "Begjanyan, Hrayr"]
[Black "Gusev, Alex"]
[Result "1-0"]
[WhiteElo "2116"]
[BlackElo "2022"]
[PlyCount "136"]
[EventDate "2010.09.09"]
[EventType "swiss"]
[EventRounds "7"]
[EventCountry "RUS"]
[SourceTitle "EXT 2023"]
[Source "ChessBase"]
[SourceDate "2022.10.05"]
[SourceVersion "1"]
[SourceVersionDate "2022.10.05"]
[SourceQuality "1"]

1. Nf3 f5 2. c4 d6 3. d4 e6 4. g3 Nf6 5. Bg2 Be7 6. Nc3 0-0 7. 0-0 a5 8. Qc2 Nc6 9. a3 e5 10. d5 Nb8 11. Ng5 Na6 12. Rb1 h6 13. Nf3 Nc5 14. b4 axb4 15. axb4 Nce4 16. Nh4 Nxc3 17. Qxc3 Ne4 18. Bxe4 fxe4 19. Ng6 Rf6 20. Nxe7+ Qxe7 21. f4 Bh3 22. Rf2 Qf7 23. Qe3 Rf8 24. Bd2 Qg6 25. Kh1 exf4 26. gxf4 Rxf4 27. Rg1 Rg4 28. Rxf8+ Kxf8 29. Rxg4 Bxg4 30. h3 Qh5 31. Kg2 Bf5 32. Bc3 g5 33. Be1 Qg6 34. c5 h5 35. cxd6 cxd6 36. Bd2 g4 37. h4 Qf6 38. Qf4 Ke7 39. Qg3 Qd4 40. Bg5+ Kd7 41. Qb3 Bg6 42. Qa4+ Kc7 43. Qa5+ b6 44. Qa7+ Kc8 45. Qa8+ Kc7 46. Qc6+ Kb8 47. Qxd6+ Kb7 48. Qxg6 Qxd5 49. Be3 Qb5 50. Qf7+ Ka6 51. Qa2+ Kb7 52. Qd2 Ka6 53. Kg3 Qe5+ 54. Bf4 Qa1 55. Qc1 Qd4 56. Be3 Qxb4 57. Qc8+ Kb5 58. Qf5+ Ka4 59. Kf4 Qd6+ 60. Kxe4 Qc6+ 61. Kf4 Qh6+ 62. Ke4 Qc6+ 63. Qd5 Qg6+ 64. Kd4 Qg7+ 65. Kd3 Qg6+ 66. Kc3 Qg7+ 67. Bd4 Qc7+ 68. Kb2 g3 1-0

[Event "Troitskoje op"]
[Site "Troitskoje"]
[Date "2010.09.??"]
[Round "4"]
[White "Begjanyan, Hrayr"]
[Black "Pilavov, Georgy"]
[Result "0-1"]
[WhiteElo "2116"]
[BlackElo "2616"]
[PlyCount "72"]
[EventDate "2010.09.09"]
[EventType "swiss"]
[EventRounds "7"]
[EventCountry "RUS"]
[SourceTitle "EXT 2023"]
[Source "ChessBase"]
[SourceDate "2022.10.05"]
[SourceVersion "1"]
[SourceVersionDate "2022.10.05"]
[SourceQuality "1"]

1. e4 c5 2. Nf3 d6 3. d4 cxd4 4. Nxd4 Nf6 5. Nc3 Nc6 6. Bc4 Na5 7. Be2 e6 8. Be3 a6 9. a4 Qc7 10. 0-0 Be7 11. f4 Nc4 12. Bxc4 Qxc4 13. e5 Nd5 14. Nxd5 Qxd5 15. exd6 Qxd6 16. Qf3 0-0 17. Rad1 Qc7 18. Rd2 Bd7 19. b3 b5 20. Rfd1 Bf6 21. axb5 axb5 22. Qe2 Rab8 23. c4 bxc4 24. bxc4 e5 25. fxe5 Bxe5 26. Nf3 Bg4 27. c5 Bxh2+ 28. Kh1 Rfe8 29. Qd3 Bg3 30. Ng5 Bxd1 31. Qxh7+ Kf8 32. Qh8+ Ke7 33. Qxg7 Bh5 34. Nxf7 Rb1+ 35. Bg1 Rxg1+ 36. Kxg1 Qxc5+ 0-1

[Event "Troitskoje op"]
[Site "Troitskoje"]
[Date "2010.09.??"]
[Round "7"]
[White "Guchaev, Alexander"]
[Black "Begjanyan, Hrayr"]
[Result "1/2-1/2"]
[WhiteElo "1702"]
[BlackElo "2116"]
[PlyCount "43"]
[EventDate "2010.09.09"]
[EventType "swiss"]
[EventRounds "7"]
[EventCountry "RUS"]
[SourceTitle "EXT 2023"]
[Source "ChessBase"]
[SourceDate "2022.10.05"]
[SourceVersion "1"]
[SourceVersionDate "2022.10.05"]
[SourceQuality "1"]

1. d4 Nf6 2. Nf3 g6 3. c4 Bg7 4. Nc3 d6 5. g3 Nbd7 6. Bg2 0-0 7. 0-0 e5 8. Bg5 h6 9. Bxf6 Qxf6 10. Nd5 Qd8 11. e3 c6 12. Nc3 Qe7 13. dxe5 Nxe5 14. Nxe5 dxe5 15. e4 Be6 16. b3 Rfd8 17. Qc2 Rd7 18. Rad1 Rad8 19. Rxd7 Rxd7 20. Rd1 Qd8 21. Rxd7 Qxd7 22. Qd1 1/2-1/2

[Event "Troitskoje op"]
[Site "Troitskoje"]
[Date "2010.09.??"]
[Round "3"]
[White "Melnikov, Artem1111"]
[Black "Begjanyan, Hrayr"]
[Result "0-1"]
[WhiteElo "2030"]
[BlackElo "2116"]
[PlyCount "40"]
[EventDate "2010.09.09"]
[EventType "swiss"]
[EventRounds "7"]
[EventCountry "RUS"]
[SourceTitle "EXT 2023"]
[Source "ChessBase"]
[SourceDate "2022.10.05"]
[SourceVersion "1"]
[SourceVersionDate "2022.10.05"]
[SourceQuality "1"]

1. Nf3 Nf6 2. d4 g6 3. c4 Bg7 4. Nc3 d6 5. e4 0-0 6. Be2 Nbd7 7. h3 e5 8. d5 Nc5 9. Nd2 a5 10. Rb1 Ne8 11. b3 f5 12. a3 Nf6 13. Bf3 Nd3+ 14. Ke2 fxe4 15. Ndxe4 Nxe4 16. Bxe4 Nxf2 17. Qe1 Nxh1 18. Qxh1 Qh4 19. Be3 Bf5 20. Rd1 Bxe4 0-1

[Event "Gorodovikovsk Bashanta Spring"]
[Site "Gorodovikovsk"]
[Date "2009.04.20"]
[Round "11"]
[White "Begjanyan, Hrayr"]
[Black "Grigoryan, Artur"]
[Result "1-0"]
[WhiteElo "2088"]
[BlackElo "2192"]
[PlyCount "139"]
[EventDate "2009.04.20"]
[EventType "tourn"]
[EventRounds "11"]
[EventCountry "RUS"]
[SourceTitle "EXT 2022"]
[Source "ChessBase"]
[SourceDate "2021.10.06"]
[SourceVersion "1"]
[SourceVersionDate "2021.10.06"]
[SourceQuality "1"]

1. e4 c5 2. Nf3 Nc6 3. c3 d5 4. exd5 Qxd5 5. Be2 Nf6 6. d4 cxd4 7. cxd4 e6 8. Nc3 Qa5 9. 0-0 Be7 10. Bf4 0-0 11. Nb5 Nd5 12. Bd2 Qd8 13. a3 b6 14. Rc1 Bb7 15. Bd3 Rc8 16. Qe2 Bf6 17. Qe4 g6 18. Bh6 Bg7 19. Bg5 Qd7 20. Qh4 f6 21. Bh6 Bxh6 22. Qxh6 Qg7 23. Qxg7+ Kxg7 24. Nd6 Ba8 25. Nxc8 Rxc8 26. Bb5 Kf7 27. Bxc6 Rxc6 28. Rxc6 Bxc6 29. Rc1 Bd7 30. b4 Ke7 31. g3 Kd6 32. Nd2 g5 33. Nc4+ Ke7 34. Ne3 Nxe3 35. fxe3 Kd6 36. Kf2 Bc6 37. g4 h6 38. Kg3 Bb7 39. h4 a6 40. hxg5 hxg5 41. Rc2 Bc6 42. Rh2 e5 43. Rh6 Ke6 44. Rh7 exd4 45. exd4 a5 46. b5 Bxb5 47. Rb7 Bc6 48. Rxb6 Kd6 49. Kf2 Kc7 50. Rb2 Kd6 51. Ke3 Bd7 52. Rg2 Kd5 53. Rf2 Bxg4 54. Rxf6 Bd7 55. Ra6 a4 56. Ra5+ Kc4 57. Rxg5 Kb3 58. d5 Kxa3 59. Rg7 Bc8 60. Rc7 Bh3 61. Kd3 Kb2 62. Rc2+ Ka3 63. d6 Kb3 64. Rc7 a3 65. Rb7+ Ka2 66. d7 Bxd7 67. Rxd7 Kb2 68. Rb7+ Ka1 69. Kc3 a2 70. Rh7 1-0

[Event "Kalmykia-ch"]
[Site "Elista"]
[Date "2008.12.15"]
[Round "5"]
[White "Begjanyan, Hrayr"]
[Black "Nyudleev, Dolgan"]
[Result "1/2-1/2"]
[WhiteElo "2091"]
[BlackElo "2393"]
[PlyCount "55"]
[EventDate "2008.12.12"]
[EventType "tourn"]
[EventRounds "9"]
[EventCountry "RUS"]
[SourceTitle "EXT 2022"]
[Source "ChessBase"]
[SourceDate "2021.10.06"]
[SourceVersion "1"]
[SourceVersionDate "2021.10.06"]
[SourceQuality "1"]

1. e4 c5 2. Nf3 e6 3. d4 cxd4 4. Nxd4 a6 5. g3 b5 6. Bg2 Bb7 7. 0-0 d6 8. c4 bxc4 9. Qa4+ Nd7 10. Qxc4 Ngf6 11. Nc3 Be7 12. Qa4 0-0 13. Re1 Ne5 14. Qd1 Rc8 15. h3 Ba8 16. Qe2 Qb6 17. Rd1 Rfe8 18. Kh2 Nc6 19. Nb3 Bb7 20. Be3 Qc7 21. Rac1 Qb8 22. Na4 Nd7 23. f4 Rc7 24. Rd2 Rec8 25. Rcd1 Ba8 26. Nc3 Nb4 27. Nd4 Nc6 28. Qxa6 1/2-1/2